000 00678nam a2200241 i 4500
001 000034044
003 DO-SdBNP
005 20260525104916.0
007 ta
008 250425s1929 dr 000 0 spa d
040 _aDO-SdBNP
_bspa
_cBNPHU
_erda
082 4 _axxx
_bM938p
_222
100 1 _aMoya de Vásquez, Trina
_eautor
_958752
245 1 0 _aPatria y hogar :
_bpoesías /
_cTrina Moya de Vásquez
264 1 _aMadrid :
_bSaturnino,
_c1929
300 _a78 páginas ;
_c23 cm.
336 _2rdacontent
_atexto
_btxt
337 _2rdamedia
_asin mediación
_bn
338 _2rdacarrier
_avolumen
_bnc
590 _aInventariado, 2025/DG
910 _aDG
942 _2ddc
_cLBS1
999 _c58791
_d58791